|
|
|
|
| LEADER |
01056nam a2200253 a 4500 |
| 001 |
3887194 |
| 008 |
900510s1991 enka b 001 0 eng d |
| 010 |
|
|
|a \\\90007510
|
| 020 |
|
|
|a 0198233000 :
|c £35.00 (est.)
|
| 040 |
|
|
|a DLC
|c DLC
|d DLC
|
| 082 |
0 |
0 |
|a 368.4/009172/4
|2 20
|
| 245 |
0 |
0 |
|a Social security in developing countries /
|c edited by Ehtisham Ahmad ... [et al.].
|
| 260 |
|
|
|a Oxford, England :
|b Clarendon Press ;
|a New York :
|b Oxford University Press ;
|a Dhaka :
|b University Press Ltd.,
|c 1991.
|
| 300 |
|
|
|a xviii, 477 p. :
|b ill. ;
|c 24 cm.
|
| 490 |
0 |
|
|a Studies in development economics
|
| 504 |
|
|
|a Includes bibliographical references and index.
|
| 541 |
1 |
|
|e 00004393
|
| 650 |
|
0 |
|a Social security
|z Developing countries.
|
| 700 |
1 |
|
|a Dreze, Jean.
|
| 700 |
1 |
|
|a Hills, john.
|
| 700 |
1 |
|
|a Sen, Amartya.
|
| 852 |
4 |
|
|a Ayesha Abed Library
|j General shelf
|
| 999 |
|
|
|c 3859
|d 3859
|
| 952 |
|
|
|0 0
|1 0
|2 ddc
|4 0
|6 368_400917240000000_SOC_1991
|7 0
|9 3511
|a BRACUL
|b BRACUL
|c GEN
|d 2009-09-13
|g 650.00
|l 0
|o 368.40091724 SOC
|p 3010004393
|r 2009-09-13
|t 1
|v 1300.00
|w 2009-09-13
|y BK
|